00405nam a2200157Ia 4500008004100000020002200041041000800063082001500071100001500086245003600101260004000137300001200177365001200189650002300201650002300224210719s2009 xx 000 0 und d a978-81-7108-637-5 aeng a158.1 MAUM aMAURUS (J) aMake the most of your potential aMumbaibBetter yourself booksc2009 a227bPB b110cRs aApplied Psychology aApplied Psychology